03952nam a2200397Ia 4500001000900000003000500009005001700014007000300031008004100034040002300075041001300098100004700111240016000158245022500318264004200543300008500585336002700670337002800697338002800725500004000753502013800793504003200931520106000963520102502023650003803048650007203086650003703158650003403195650006503229650002903294700003903323700004703362700004503409700004303454856005703497dia_6756CHAP20240619184419.0ta220601s2017 mx abdofrm 001 0 spa d amxchpuacCHAPerda0 aspabeng1 aCastillo Herrera, María de los Ángeles10aImplementation of technological packages for the improvement of the production of barley maltera in the municipality of Villa de Arriaga, S.L.P.lEspañol10aImplementación de paquete tecnológico para el mejoramiento de la producción de cebada maltera en el municipio de Villa de Arriaga, S. L. P. / cMaría de los Ángeles Castillo Herrera y Luis Enrique Zavala Castro aChapingo, México :bEl autor,c2017 aix, 58 hojas : bilustraciones, gráficas, diagramas, tablas, fotos +e1 CD-ROM 2rdacontentatextobtxt 2rdamediaano mediadobn 2rdacarrieravolumenbnc aEl CD contiene reporte y artículo aFormulación y Evaluación de Proyectos b(Ingeniero Agroindustrial) -- cUACh. Departamento de Ingeniería Agroindustrial, d2017 aBibliografía: hojas 46-483 aLa producción de cebada en México ha aumentado en los últimos años, de tal forma que actualmente ocupa el quinto lugar en la producción nacional de granos, después del maíz, sorgo, trigo y frijol, por lo que la implementación de los paquetes tecnológicos, en el municipio de Villa de Arriaga, S.L.P., permitió dar un gran paso en el desarrollo del sistema producto cebada, ya que permite beneficiar tanto a pequeños productores como a los grandes. Con la intervención de Gobierno Municipal, Gobierno Estatal y Gobierno Federal, así como la empresa privada Grupo Modelo, se lograron entregar 9,384 hectáreas, beneficiando a 1 047 productores con una inversión de 34.2 millones de pesos. Con esto se logró el incremento de la producción en un 53% y además de que se asegurar la venta de la cosecha al poder contar con un comprador directo bajo la modalidad de agricultura por contrato y la fijación de un precio de $ 4.50 por kilogramo, en general. Y además de que en esta forma se evitó en gran medida el coyotaje.3 aThe production of barley in Mexico has increased in the last years, of such form that at present occupies the fifth place in the national production of grains, after the corn, sorgo, wheat and bean, by what the implementation of the technological packages, in the municipality of Villa of Arriaga, S.L.P., It allowed to give a big step in the development of the system product barley, since it allows to benefit so much to small producers as to the big. With the intervention of Municipal Government, State Government and Federal Government, as well as the private company Group Model, attained deliver 9,384 hectares, Benefiting to 1 047 producers with an investment of 34.2 million weights. With this attained the increase of the production in 53% and in addition to that ensure the sale of the harvest when can have a direct buyer under the modality of agriculture by agreement and the fixation of a price of $ 4.50 by kilogram, in general. And in addition to that in this form avoided to a large extent the coyotaje.13aCebada cervecera xCultivos2atg13aCebada cervecera xProducciónzMéxicozSan Luis Potosí 2atg13aAdopción de innovaciones 2atg13aMalting barley xCrops 2atg13aMalting barley xProductionzMexicozSan Luis Potosí2atg13aInnovation adoption2atg1 aZavala Castro, Luis Enriqueeautor1 aEspejel Zaragoza, José Alfredoedirector1 aReyna Izaguirre, Diana Américaeasesor1 aMartínez Mosqueda, Franciscoeasesor41uhttp://10.13.5.2/tesis/sist114541.pdfyDESCARGAR PDF